000 00242nam a2200097Ia 4500
082 _aEF MABE
245 0 _aPatient zero
100 _a MABERRY, Jonathan London, 2009
_973345
942 _cBK
008 210817s9999 xx 000 0 und d
999 _c393146
_d393145